Americano - Lady Gaga - All Lyrics (+Spanish) - Statistics

General Stats
  • This quiz has been taken 40 times
  • The average score is 255 of 316
Answer Stats
Answer % Correct
a
100%
América
97%
Americano
97%
I
97%
(La-la-la-la
97%
y
97%
LA
95%
la
95%
la-la-la
95%
la-la-la)
95%
La-la-la-la
95%
(La-la-la-la
95%
me
95%
me,
95%
s-
95%
oh
92%
you
92%
no
89%
no,
89%
don't
87%
(Don't
87%
Don't
87%
Don’t
87%
in
87%
In
87%
on
87%
On
87%
the
87%
East
84%
girl
84%
met
84%
to
84%
Ah-ah-ah
82%
ah-ah-ah,
82%
but
82%
las
82%
los
82%
love
82%
of
82%
We
82%
we
82%
catch
79%
edge
79%
living
79%
Living
79%
speak
79%
try
79%
can
76%
(Chicas),
76%
(Chicas)
76%
chicos
76%
fell
76%
If
76%
law,
76%
law
76%
marry,
76%
not
76%
She
76%
as
74%
Coast
74%
I’m
74%
West
74%
your
74%
your)
74%
how
71%
Mi
71%
mi
71%
care
68%
Cristo
68%
Jesús
68%
sweet
68%
Wednesday,
68%
campanas
66%
court
66%
en
66%
están
66%
floral
66%
for,
66%
for
66%
May
66%
mountains,
66%
die
63%
language,
61%
sang
61%
shorts
61%
son
61%
agosto
58%
Barrio
58%
corazón
58%
de
58%
fight
58%
have
58%
verano,
58%
chords
55%
fought
55%
sonando
55%
un
55%
will
55%
(Won't
55%
won't
55%
besando
53%
generación
53%
revolución
53%
duele
50%
Mis
50%
por
50%
canciones
47%
two
47%
Se
45%
Todos
45%
eights
42%
cried
39%
get
26%
No matching quizzes found
Score Distribution
Percent of People with Each Score
Percentile by Number Answered
Your Score History
You have not taken this quiz